000 00419nam a22001691c 4500
001 a987654673
008 061115s2006 gw |||| 000u rus d
041 _arus
100 1 _aLevada, Jurij
245 0 0 _aIščem čeloveka :
_bsociologičeskie očerki 2000-2005
264 _bNovoe izdatel'stvo,
_c2006
300 _a381 S.
942 _cMG
040 _cRU-10907106
003 RU-10907106
999 _c8439
_d8439
490 0 _aNovaja istorija